000 00347nam a2200133Ia 4500
008 151001s9999||||xx |||||||||||||| ||und||
100 _aशर्मा फाटक
245 _aमानव जन्म कि कहनी
250 _a1
260 _bअपराजिता
260 _c2004
300 _a38
365 _b24
999 _c984863
_d984860